000
00300 a2200157 4500
001
169152
020
_a
040
_c
Magnum
100
_a
Gadotti, Moacir
240
1
0
_a
Escola cidada
_l
por
245
1
0
_a
Escola cidada
362
0
_a
1899
440
1
_a
Cortez
697
_a
ENSINO
942
_c
BK
999
_c
169152
_d
169152